00899nam a2200277 a 450000100060000000300090000600500170001500800410003202000150007302000290008802000230011702000300014003500180017004000180018804100080020608200290021424500970024326000400034030000210038050400500040165000330045165000310048465000430051565000420055870000210060058299BD-RJUL 20211209080615.0161217s2001 ii 001 0 eng d a0761995390 a0761995404 (U.S. : pbk.) a8178290189 (India) a8178290197 (India : pbk.) aBD-RJUL 58423 aDLCcDLCbeng aeng0 a305.40954221bWOM 2001 00aWomen, war and peace in South Asia :bbeyond victimhood to agency /ceditor, Rita Manchanda. aNew Delhi ;aLondon :bSage,c2001. a304 p. ;c23 cm. aIncludes bibliographical references and index 0aWomen and peacezSouth Asia. 0aWomen and warzSouth Asia. 0aWomenxPolitical activityzSouth Asia. 0aWomenzSouth AsiaxSocial conditions.1 aManchanda, Rita.